000
00266nam a2200109Ia 4500
008
230907s9999||||xx |||||||||||||| ||und||
082
_a
532.052702451
_b
DAV
100
_a
Davidson, P. A.
_9
115589
245
0
_a
Turbulence :
300
_a
xvi, 630 pages :
942
_c
BK
999
_c
598903
_d
598903